000 00651nam a2200229 a 4500
005 20140310183500.0
008 100104s19uu xx 00 eng d
020 _a9789810697198
050 _aTX 911.2
_b.F455 2008
100 _aFenich, George G.
245 _aMeetings, expositions, events and conventions /
_ban introduction to the industry
250 _a2nd ed.
260 _aJurong, Singapore :
_bPrentice Hall,
_c2008.
300 _a532 p. :
_bill. ;
_c24 cm.
521 _aTOU
600 _aFenich, George G.
650 _aEvents and conventions.
942 _cBK
_2lcc
_kFOR
999 _c23853
_d23853